[Event "LSS RN-2009-0-00184"]
[Site "LSS email"]
[Date "2009.02.15"]
[Round "?"]
[White "Losev, Vyacheslav"]
[Black "Tschaen, Valery"]
[Result "1-0"]
[WhiteElo "562"]
[BlackElo "800"]
[PlyCount "71"]
[EventDate "2009.02.07"]
[EventType "tourn (corr)"]
[EventRounds "6"]
[EventCountry "GER"]
[SourceTitle "Corr 2011"]
[Source "ChessBase"]
[SourceDate "2010.08.31"]
[SourceVersion "1"]
[SourceVersionDate "2010.08.31"]
[SourceQuality "1"]

1. e4 Nc6 2. Nf3 d5 3. exd5 Qxd5 4. Nc3 Qe6+ 5. Be2 Nf6 6. d4 b6 7. d5 Qd6 8. dxc6 Qxd1+ 9. Nxd1 e6 10. Nc3 Bb4 11. 0-0 0-0 12. Bf4 Re8 13. Bxc7 Re7 14. Be5 Nd5 15. Nxd5 exd5 16. Rad1 f6 17. Bf4 Rxe2 18. c3 Re4 19. Bg3 Bc5 20. Rxd5 Be6 21. Rd2 Bc4 22. Re1 Rae8 23. Rxe4 Rxe4 24. h3 g5 25. c7 Be6 26. Rd8+ Kf7 27. Nd4 Bxd4 28. cxd4 Ke7 29. d5 Bd7 30. d6+ Ke6 31. Re8+ Bxe8 32. c8Q+ Bd7 33. Qg8+ Kf5 34. Qxh7+ Ke6 35. Qxe4+ Kf7 36. Qe7+ 1-0

[Event "LSS RN-2009-0-00184"]
[Site "LSS email"]
[Date "2009.02.15"]
[Round "?"]
[White "Tschaen, Valery"]
[Black "Bester, Kazimierz"]
[Result "0-1"]
[WhiteElo "800"]
[BlackElo "587"]
[PlyCount "94"]
[EventDate "2009.02.07"]
[EventType "tourn (corr)"]
[EventRounds "6"]
[EventCountry "GER"]
[SourceTitle "Corr 2011"]
[Source "ChessBase"]
[SourceDate "2010.08.31"]
[SourceVersion "1"]
[SourceVersionDate "2010.08.31"]
[SourceQuality "1"]

1. e4 e6 2. d4 d5 3. Nc3 dxe4 4. Nxe4 Nd7 5. Nf3 Ngf6 6. Nc3 Bd6 7. Bg5 a6 8. Bd3 0-0 9. 0-0 c6 10. Re1 h6 11. Bxf6 Nxf6 12. g3 b5 13. b4 Bb7 14. Rb1 Bc7 15. a4 Nd5 16. Nxd5 Qxd5 17. Re5 Bxe5 18. Nxe5 Qa2 19. Nd7 Rfd8 20. Ra1 Qb2 21. Rb1 Qa3 22. Nc5 Bc8 23. Qf3 Qa2 24. Re1 Qd5 25. Be4 Qxd4 26. Bxc6 bxa4 27. Rd1 Qxd1+ 28. Kg2 Qxf3+ 29. Bxf3 Ra7 30. Nxa4 Rd2 31. c4 Bb7 32. Nc5 Bxf3+ 33. Kxf3 Rc2 34. Nd3 Rxc4 35. Ne5 Rxb4 36. h4 a5 37. Nd3 Rb3 38. Ke3 Rd7 39. Kf4 Rbxd3 40. Kg4 Kh7 41. f4 f5+ 42. Kh3 R7d4 43. h5 Rxf4 44. Kg2 Rg4 45. Kf2 Rgxg3 46. Ke2 Rh3 47. Ke1 Rh2 0-1

[Event "LSS RN-2009-0-00184"]
[Site "LSS email"]
[Date "2009.02.15"]
[Round "?"]
[White "Tschaen, Valery"]
[Black "Molina, Vicente Andres"]
[Result "0-1"]
[WhiteElo "800"]
[BlackElo "814"]
[PlyCount "22"]
[EventDate "2009.02.07"]
[EventType "tourn (corr)"]
[EventRounds "6"]
[EventCountry "GER"]
[SourceTitle "Corr 2015"]
[Source "ChessBase"]
[SourceDate "2015.07.17"]
[SourceVersion "1"]
[SourceVersionDate "2015.07.17"]
[SourceQuality "1"]

1. e4 c5 2. Nc3 d6 3. Nf3 Nc6 4. d4 cxd4 5. Nxd4 Nf6 6. Bb5 Bd7 7. 0-0 Nxd4 8. Qxd4 a6 9. Bc4 b5 10. Bd5 Nxd5 11. Nxd5 e5 0-1

[Event "LSS RN-2009-0-00184"]
[Site "LSS email"]
[Date "2009.02.15"]
[Round "?"]
[White "Vontina, Maria"]
[Black "Tschaen, Valery"]
[Result "0-1"]
[WhiteElo "800"]
[BlackElo "800"]
[PlyCount "72"]
[EventDate "2009.02.07"]
[EventType "tourn (corr)"]
[EventRounds "6"]
[EventCountry "GER"]
[SourceTitle "Corr 2011"]
[Source "ChessBase"]
[SourceDate "2010.08.31"]
[SourceVersion "1"]
[SourceVersionDate "2010.08.31"]
[SourceQuality "1"]

1. d4 d5 2. c4 Nf6 3. Nc3 Nc6 4. Nf3 Bf5 5. Bg5 h6 6. Bh4 e6 7. e3 g5 8. Bg3 Bb4 9. Be2 Qe7 10. 0-0 0-0-0 11. Rc1 a6 12. a3 Bxc3 13. Rxc3 Ne4 14. Rc1 Nxg3 15. hxg3 f6 16. cxd5 Rxd5 17. Bxa6 Qd6 18. Bc4 Ra5 19. Ra1 h5 20. b4 Ra8 21. Qd2 Ne7 22. Rfe1 Qc6 23. Bb3 h4 24. gxh4 gxh4 25. Rec1 Qe4 26. Qe2 h3 27. g3 Bg4 28. Bd1 Nd5 29. Kh2 Rh5 30. Rc5 b6 31. Rcc1 Rf5 32. Qf1 Bxf3 33. Bxf3 Qxf3 34. Rc6 Nxe3 35. Qh1 Qxf2+ 36. Kxh3 Rh5# 0-1

[Event "LSS RN-2009-0-00184"]
[Site "LSS email"]
[Date "2009.02.15"]
[Round "?"]
[White "Yangibayev, Rustam"]
[Black "Tschaen, Valery"]
[Result "1-0"]
[WhiteElo "852"]
[BlackElo "800"]
[PlyCount "67"]
[EventDate "2009.02.07"]
[EventType "tourn (corr)"]
[EventRounds "6"]
[EventCountry "GER"]
[SourceTitle "Corr 2011"]
[Source "ChessBase"]
[SourceDate "2010.08.31"]
[SourceVersion "1"]
[SourceVersionDate "2010.08.31"]
[SourceQuality "1"]

1. d4 d5 2. Nf3 Nc6 3. c4 e6 4. Nc3 Nf6 5. e3 Bb4 6. a3 Bxc3+ 7. bxc3 0-0 8. Bd3 Re8 9. 0-0 b6 10. Re1 Ba6 11. cxd5 Qxd5 12. Bxa6 Rad8 13. Bb7 Qd6 14. Ba6 Ne4 15. Qd3 f5 16. Bc4 h6 17. a4 a5 18. Bb5 e5 19. Bxc6 Qxc6 20. Bb2 g5 21. Qc2 g4 22. Nxe5 Qf6 23. Qe2 c5 24. Qc4+ Kg7 25. d5 Qxe5 26. Rad1 Nd6 27. Qb3 c4 28. Qxb6 Nc8 29. Qxa5 Qb8 30. Rb1 Re5 31. Red1 Nb6 32. Ba3 Qa8 33. Qxb6 Qxa4 34. Qxd8 1-0

[Event "LSS ZN-2009-0-00544"]
[Site "LSS email"]
[Date "2009.02.14"]
[Round "?"]
[White "Tschaen, Valery"]
[Black "Meszaros, Attila Jr"]
[Result "0-1"]
[WhiteElo "800"]
[BlackElo "499"]
[PlyCount "32"]
[EventDate "2009.02.09"]
[EventType "match (corr)"]
[EventRounds "2"]
[EventCountry "GER"]
[SourceTitle "Corr 2011"]
[Source "ChessBase"]
[SourceDate "2010.08.31"]
[SourceVersion "1"]
[SourceVersionDate "2010.08.31"]
[SourceQuality "1"]

1. e4 c5 2. Nf3 Nc6 3. d4 Nxd4 4. Nxd4 cxd4 5. Qxd4 e6 6. Nc3 Nf6 7. Bg5 Be7 8. 0-0-0 0-0 9. e5 Nd5 10. Bd3 Bxg5+ 11. Kb1 Nxc3+ 12. Qxc3 f6 13. Rhe1 fxe5 14. Qxe5 Bf6 15. Qh5 g6 16. Qg4 Qe7 0-1